Dreadlock Rock Quiz Stats

Quiz not verified by Sporcle

Also try: Sets of Three IX
Challenge
Share
Tweet
Score 0/20 Timer 10:00
0 Plays Today
% Correct
Bob Marley
100%
Whoopi Goldberg
88.5%
Lil Wayne
69.2%
Lisa Bonet
42.3%
Busta Rhymes
34.6%
Chris Bosh
34.6%
Malcolm-Jamal Warner
34.6%
The Weeknd
30.8%
Chris Johnson
26.9%
Wyclef Jean
26.9%
% Correct
Marshawn Lynch
26.9%
Richard Sherman
23.1%
DeAngelo Williams
19.2%
Wale
19.2%
Andrew McCutchen
19.2%
T-Pain
15.4%
2 Chainz
15.4%
Buju Banton
11.5%
Beenie Man
11.5%
Sizzla
11.5%

You're not logged in!

Compare scores with friends on all Sporcle quizzes.
Sign Up with Email
OR
Log In

You Might Also Like...

Show Comments

Extras

Top Quizzes Today


Score Distribution

Your Account Isn't Verified!

In order to create a playlist on Sporcle, you need to verify the email address you used during registration. Go to your Sporcle Settings to finish the process.